Las castas y las costumbres de México a través de su pintura (Record no. 7063)

MARC details
000 -CABECERA
campo de control de longitud fija 01171nam a2200289 a 4500
001 - NÚMERO DE CONTROL
campo de control BRCA_7387
005 - FECHA Y HORA DE LA ÚLTIMA TRANSACCIÓN
campo de control 20190320205822.0
008 - DATOS DE LONGITUD FIJA--INFORMACIÓN GENERAL
campo de control de longitud fija 210313s1949----mx-a###f##---#000-0#spa-#
041 ## - CÓDIGO DE LENGUA
Código de lengua del texto/banda sonora o título independiente spa
044 ## - CÓDIGO DEL PAÍS DE LA ENTIDAD EDITORA/PRODUCTORA
Código MARC del país mx
050 #4 - SIGNATURA TOPOGRÁFICA DE LA BIBLIOTECA DEL CONGRESO
Número de clasificación F1219
Número de documento/Ítem .R8 1 1949
100 1# - ENTRADA PRINCIPAL--NOMBRE DE PERSONA
Nombre de persona Rubín de la Borbolla, Daniel F.
9 (RLIN) 18236
245 10 - MENCIÓN DE TÍTULO
Título Las castas y las costumbres de México a través de su pintura
Resto del título el arte plumario
Mención de responsabilidad, etc. Daniel F. Rubín de la Borbolla, Silvio Zavala y Rafael García Granados.
260 ## - PUBLICACIÓN, DISTRIBUCIÓN, ETC.
Lugar de publicación, distribución, etc. México
Nombre del editor, distribuidor, etc. Universidad de Nuevo León ; INAH
Fecha de publicación, distribución, etc. 1949
300 ## - DESCRIPCIÓN FÍSICA
Extensión 30 p.
Otras características físicas il., 20 láminas
Dimensiones 22 cm.
500 ## - NOTA GENERAL
Nota general Ejemplar igual a R65
500 ## - NOTA GENERAL
Nota general Q95
520 3# - SUMARIO, ETC.
Sumario, etc. Catálogo de la Exposición que representa el departamento de Acción Social de la Universidad de Nuevo León y el Instituto Nacional de Antropología e Historia durante los cursos de verano de 1949
650 14 - PUNTO DE ACCESO ADICIONAL DE MATERIA--TÉRMINO DE MATERIA
Término de materia o nombre geográfico como elemento de entrada Arte plumario
9 (RLIN) 18212
650 14 - PUNTO DE ACCESO ADICIONAL DE MATERIA--TÉRMINO DE MATERIA
Término de materia o nombre geográfico como elemento de entrada Castas
Subdivisión geográfica México
9 (RLIN) 9193
651 #4 - PUNTO DE ACCESO ADICIONAL DE MATERIA--NOMBRE GEOGRÁFICO
Nombre geográfico México
Subdivisión general Vida social y costumbres
9 (RLIN) 769
700 1# - PUNTO DE ACCESO ADICIONAL--NOMBRE DE PERSONA
Nombre de persona Zavala, Silvio
Término indicativo de función/relación coaut.
9 (RLIN) 18237
700 1# - PUNTO DE ACCESO ADICIONAL--NOMBRE DE PERSONA
Nombre de persona García Granados, Rafael
Término indicativo de función/relación coaut.
9 (RLIN) 10174
740 0# - PUNTO DE ACCESO ADICIONAL--TÍTULO RELACIONADO O ANALÍTICO NO CONTROLADO
Título relacionado o analítico no controlado Pinturas costumbristas del siglo XIX
902 ## - CATALOGADOR
Iniciales GFM
942 ## - ELEMENTOS DE PUNTO DE ACCESO ADICIONAL (KOHA)
Fuente del sistema de clasificación o colocación Library of Congress Classification
Tipo de ítem Koha Libros
Holdings
Estado de retiro Estado de pérdida Estado dañado No para préstamo Localización permanente Ubicación/localización actual Fecha de adquisición Número de inventario Total de préstamos Signatura topográfica completa Código de barras Fecha visto por última vez Precio válido a partir de Tipo de ítem Koha
El ejemplar forma parte de la colección y puede ser consultado según las políticas vigentes.       Biblioteca del Museo Franz Mayer (Rogerio Casas-Alatriste) Biblioteca del Museo Franz Mayer (Rogerio Casas-Alatriste) 21/03/2013 Q95   F1219 .R8 1 1949 (Q95) 7990 22/03/2019 22/03/2019 Libros